Estatísticas para Cavani

Clique aqui para jogar o quiz

Estatísticas Gerais

  • Esse quiz foi jogado 45 vezes
  • A pontuação média é 6 de 8

Estatísticas das Respostas

AnosClubes% Correto
2013-2020PSG
98%
(Seleção)2008-Uruguai
98%
2023-Boca Juniors
95%
2020-2022Manchester United
83%
2010-2013Napoli
74%
2022-2023Valência
74%
2007-2010Palermo
40%
2005-2007Danubio
36%

Distribuição das Pontuações

Percentil de Números Respondidos

Porcentagem de Pessoas com Cada Pontuação

Sua Pontuação Histórica

Você não jogou esse quiz